[Event "Izmailov Memorial op 15th"]
[Site "Tomsk"]
[Date "2011.06.04"]
[Round "4"]
[White "Bivol, Alina"]
[Black "Arishin, Sergei"]
[Result "1-0"]
[WhiteElo "2137"]
[BlackElo "2180"]
[PlyCount "69"]
[EventDate "2011.06.01"]
[EventType "swiss"]
[EventRounds "9"]
[EventCountry "RUS"]
[SourceTitle "EXT 2013"]
[Source "ChessBase"]
[SourceDate "2012.11.22"]
[SourceVersion "1"]
[SourceVersionDate "2012.11.22"]
[SourceQuality "1"]

1. d4 Nf6 2. c4 e6 3. g3 c5 4. d5 exd5 5. cxd5 d6 6. Nf3 g6 7. Bg2 Bg7 8. 0-0 0-0 9. Nc3 Na6 10. Bf4 Nc7 11. a4 b6 12. Nd2 Nh5 13. Be3 f5 14. a5 b5 15. Nb3 b4 16. Na4 Bd7 17. Naxc5 dxc5 18. d6 Ne6 19. Bxa8 Qxa8 20. Nxc5 Nxc5 21. Bxc5 f4 22. Qb3+ Kh8 23. Rfd1 fxg3 24. hxg3 a6 25. Rac1 Qe8 26. Qxb4 Qxe2 27. Qb7 Qg4 28. Qg2 Bxb2 29. Rb1 Rc8 30. f3 Qa4 31. Qxb2+ Kg8 32. Bf2 Qxa5 33. Qb7 Nf6 34. Qb3+ Kf8 35. Re1 1-0

[Event "Izmailov Memorial op 15th"]
[Site "Tomsk"]
[Date "2011.06.01"]
[Round "1"]
[White "Nugumanov, Bakhtiyar"]
[Black "Arishin, Sergei"]
[Result "1-0"]
[WhiteElo "2204"]
[BlackElo "2180"]
[PlyCount "89"]
[EventDate "2011.06.01"]
[EventType "swiss"]
[EventRounds "9"]
[EventCountry "RUS"]
[SourceTitle "EXT 2013"]
[Source "ChessBase"]
[SourceDate "2012.11.22"]
[SourceVersion "1"]
[SourceVersionDate "2012.11.22"]
[SourceQuality "1"]

1. e4 e6 2. d4 d5 3. Nc3 Bb4 4. e5 c5 5. a3 Bxc3+ 6. bxc3 Ne7 7. h4 Nbc6 8. Nf3 Qa5 9. Bd2 Qa4 10. Rb1 a6 11. h5 cxd4 12. cxd4 Nxd4 13. Bd3 Nec6 14. h6 Nxf3+ 15. Qxf3 Qd4 16. Qg3 gxh6 17. Rh5 Bd7 18. c3 Qa4 19. Rxb7 Qxa3 20. Qg7 0-0-0 21. Rb6 Kc7 22. Rxa6 Qb3 23. Ra1 Rhg8 24. Qxh6 Rxg2 25. Ke2 Rdg8 26. Rb1 Qa4 27. Qf4 Qa3 28. Qxf7 R2g7 29. Qf6 Qa4 30. Qf4 d4 31. Rh4 Rg1 32. cxd4 Rxb1 33. Bxb1 Rg1 34. Bd3 Ne7 35. Be1 Nd5 36. Qc1+ Kb8 37. Qb1+ Ka8 38. Qc2 Qa1 39. Qd2 h5 40. Bc4 Rxe1+ 41. Qxe1 Qb2+ 42. Kf1 Bc6 43. Rxh5 Qxd4 44. Qa5+ Kb7 45. Rh7+ 1-0

[Event "Novosibirsk"]
[Site "Novosibirsk"]
[Date "2006.06.28"]
[Round "7"]
[White "Tuzhik, Artem"]
[Black "Arishin, Sergei"]
[Result "1/2-1/2"]
[WhiteElo "2283"]
[BlackElo "2204"]
[PlyCount "122"]
[EventDate "2006.06.23"]
[EventType "tourn"]
[EventRounds "11"]
[EventCountry "RUS"]
[SourceTitle "EXT 2008"]
[Source "ChessBase"]
[SourceDate "2007.11.25"]
[SourceVersion "1"]
[SourceVersionDate "2007.11.25"]
[SourceQuality "1"]

1. e4 e6 2. d4 d5 3. Nd2 c5 4. exd5 exd5 5. Ngf3 Nf6 6. Bb5+ Bd7 7. Bxd7+ Nbxd7 8. 0-0 Be7 9. dxc5 Nxc5 10. Nd4 0-0 11. Nf5 Re8 12. Nxe7+ Qxe7 13. Nf3 Rad8 14. Be3 b6 15. Re1 Qc7 16. c3 Nfe4 17. Qc2 h6 18. Rad1 Ne6 19. Nd4 Qc4 20. Nxe6 Rxe6 21. Rd4 Qc7 22. Red1 Nf6 23. Qf5 Rde8 24. Qf3 Re4 25. Rxe4 dxe4 26. Qf5 Re5 27. Qf4 Nd5 28. Qg3 Nxe3 29. Qxe3 Re7 30. g3 Re6 31. Rd5 Re7 32. Qd4 Qc6 33. c4 Qg6 34. Qe3 Qf6 35. Rd4 Qe5 36. Kg2 f5 37. b4 g5 38. Rd5 Qf6 39. Qd4 Qxd4 40. Rxd4 Kf7 41. Kf1 Ke6 42. Ke2 h5 43. Ke3 Rc7 44. h3 Ke5 45. Rd5+ Ke6 46. Kd4 Rh7 47. c5 bxc5+ 48. bxc5 h4 49. Rd6+ Ke7 50. Ra6 hxg3 51. Rxa7+ Kd8 52. Ra8+ Kc7 53. fxg3 Rxh3 54. Rf8 e3 55. Rxf5 Rxg3 56. Re5 Kc6 57. Re6+ Kd7 58. Kd5 Rg2 59. c6+ Kd8 60. a3 Rd2+ 61. Kc4 Kc7 1/2-1/2

[Event "Novosibirsk"]
[Site "Novosibirsk"]
[Date "2006.06.26"]
[Round "4"]
[White "Arishin, Sergei"]
[Black "Verzhansky, Alexander"]
[Result "0-1"]
[WhiteElo "2204"]
[BlackElo "2304"]
[PlyCount "164"]
[EventDate "2006.06.23"]
[EventType "tourn"]
[EventRounds "11"]
[EventCountry "RUS"]
[SourceTitle "EXT 2008"]
[Source "ChessBase"]
[SourceDate "2007.11.25"]
[SourceVersion "1"]
[SourceVersionDate "2007.11.25"]
[SourceQuality "1"]

1. e4 e6 2. d4 d5 3. Nc3 Bb4 4. a3 Bxc3+ 5. bxc3 dxe4 6. Qg4 Nf6 7. Qxg7 Rg8 8. Qh6 Rg6 9. Qd2 Nc6 10. Ne2 b6 11. Bb2 Bb7 12. c4 Qd6 13. h3 0-0-0 14. 0-0-0 Ne7 15. Nf4 Rgg8 16. Be2 Nf5 17. Rhf1 Kb8 18. g4 Nh4 19. Qe3 Qe7 20. Rfe1 h6 21. Qg3 Ng6 22. Ng2 h5 23. g5 Nh7 24. h4 f6 25. gxf6 Nxf6 26. Ne3 Ng4 27. Nxg4 hxg4 28. Qxg4 Nxh4 29. Qh3 Nf5 30. d5 Qg5+ 31. Kb1 exd5 32. cxd5 Rxd5 33. Bc4 Rxd1+ 34. Rxd1 Re8 35. Be5 Nd6 36. Bxd6 cxd6 37. Rxd6 Qe5 38. Qd7 Rh8 39. Rd1 Qc5 40. Qd6+ Qxd6 41. Rxd6 Rf8 42. Rd2 Kc7 43. Kb2 Rf3 44. Bb5 Rf5 45. Bc4 Bc6 46. Be6 Rf6 47. Bc4 b5 48. Bg8 Kb6 49. c4 a6 50. cxb5 axb5 51. Bb3 Rf3 52. Bd1 Rh3 53. Bb3 Kc5 54. Be6 Rf3 55. Bb3 Rf6 56. Bg8 Rg6 57. Bb3 Rh6 58. Bf7 Rh2 59. Bb3 Kb6 60. Kc3 Rh3+ 61. Kb2 Kc7 62. Bd5 Kb6 63. Bxc6 Kxc6 64. Rd4 Rh4 65. Rb4 Kc5 66. Kc3 Rf4 67. Kd2 Rxf2+ 68. Ke3 Rf3+ 69. Kxe4 Rxa3 70. Rb1 Rc3 71. Rg1 Kc4 72. Rg8 b4 73. Rc8+ Kb3 74. Rb8 Ka3 75. Kd4 Rc7 76. Ra8+ Kb2 77. Kd3 b3 78. Rb8 Ka2 79. Ra8+ Kb1 80. Kd2 b2 81. Kd1 Rd7+ 82. Ke2 Rd5 0-1

[Event "RUS-chT Sibirian Zone"]
[Site "Omsk"]
[Date "2001.10.05"]
[Round "1"]
[White "Nikitin, Andrey"]
[Black "Arishin, Sergei"]
[Result "1-0"]
[WhiteElo "2506"]
[BlackElo "2318"]
[PlyCount "79"]
[EventDate "2001.10.05"]
[EventType "team-tourn"]
[EventRounds "9"]
[EventCountry "RUS"]
[SourceTitle "EXT 2002"]
[Source "ChessBase"]
[SourceDate "2001.11.25"]
[SourceVersion "1"]
[SourceVersionDate "2001.11.25"]
[SourceQuality "1"]

1. d4 Nf6 2. c4 e6 3. Nf3 d5 4. Nc3 Bb4 5. Qa4+ Nc6 6. a3 Be7 7. Bf4 0-0 8. e3 a6 9. h3 dxc4 10. Bxc4 Rb8 11. Qc2 b5 12. Bd3 Bb7 13. Ne4 Nd5 14. Bg3 f5 15. Nc5 Ncb4 16. axb4 Nxb4 17. Qb3 Bxc5 18. Bxf5 Rxf5 19. Qxe6+ Rf7 20. Ne5 Bd5 21. Nxf7 Bxe6 22. Nxd8 Rxd8 23. dxc5 Bc4 24. Rc1 Nd3+ 25. Kd2 Nxf2+ 26. Kc2 Nxh1 27. Rxh1 Rd7 28. Ra1 Bd3+ 29. Kc3 Be4 30. Rxa6 c6 31. Bd6 Bxg2 32. h4 Kf7 33. Kd4 g6 34. e4 h5 35. Rxc6 Ra7 36. Ke5 Ra4 37. Rc7+ Ke8 38. Re7+ Kd8 39. Kd5 Rb4 40. c6 1-0